[Event "Lords of the Spring :-)"]
[Site "SchemingMind.com"]
[Date "2010.04.02"]
[Round "-"]
[White "Phillip Beckett"]
[Black "Schaakmaatje"]
[Result "0-1"]
[WhiteCountry "ENG"]
[BlackCountry "NED"]
[WhiteElo "1633"]
[WhiteRD "58"]
[BlackElo "1762"]
[BlackRD "46"]
[GameID "244120"]

1. e4 e6 2. d4 d5 3. Nd2 Nf6 4. e5 Nfd7 5. Bd3 c5 6. c3 Nc6 7. Ndf3 Qb6 8. Ne2 cxd4 9. cxd4 h6 10. O-O Be7
11. a3 a5 12. Rb1 a4 13. b4 axb3 14. Rxb3 Qd8 15. Be3 Rxa3 16. Rxa3 Bxa3 17. Qb3 Be7 18. Rb1 O-O 19. Nd2 Bg5 20. Nf3 Be7
21. Bb5 f5 22. Rc1 Qb6 23. Qa4 Ndb8 24. Rb1 Qa5 25. Bxc6 Nxc6 26. Qxa5 Nxa5 27. Nc3 Nc4 28. Kf1 b6 29. Nd2 Ba6 30. Nxc4 Bxc4+
31. Ke1 Rb8 32. Nb5 Bxb5 33. Rxb5 Kf8 34. Bd2 Ke8 35. Bb4 Bxb4+ 36. Rxb4 Kd7 37. Kd2 Kc6 38. Kc3 Ra8 39. Kb2 Ra5 40. Kb3 Rb5
41. Kc3 Rxb4 42. Kxb4 g5 43. f3 f4 44. h3 h5 45. Ka4 b5+ 46. Kb3 Kb7 47. Kc3 Ka6 48. Kb4 Kb6 49. Kb3 Ka5 50. Ka3 b4+
51. Kb3 Kb5 52. Kc2 Kc4
0-1

[Event "Lords of the Spring :-)"]
[Site "SchemingMind.com"]
[Date "2010.04.03"]
[Round "-"]
[White "PeterLiberty"]
[Black "Schaakmaatje"]
[Result "1/2-1/2"]
[WhiteCountry "USA"]
[BlackCountry "NED"]
[WhiteElo "1572"]
[WhiteRD "64"]
[BlackElo "1762"]
[BlackRD "46"]
[GameID "244121"]

1. e4 e6 2. d4 d5 3. Nd2 Nf6 4. e5 Nfd7 5. Bd3 Be7 6. c3 c5 7. Ne2 Nc6 8. O-O cxd4 9. cxd4 O-O 10. Nf3 Re8
11. Bf4 Nf8 12. Rc1 Bd7 13. Nc3 Rc8 14. Qd2 Nb4 15. Rfd1 Nxd3 16. Qxd3 a6 17. Rc2 b5 18. a3 Ng6 19. Bg3 Rc6 20. b4 Qc7
21. Rdc1 Rc8 22. Nd2 Bg5 23. f3 Bf4 24. Be1 Nxe5 25. dxe5 Bxe5 26. Ndb1 d4 27. Qe2 dxc3 28. Bxc3 Qa7+ 29. Kh1 Bxc3 30. Nxc3 Rc4
31. Ne4 Rxc2 32. Rxc2 Qb7 33. Rxc8+ Bxc8=
1/2-1/2

[Event "Lords of the Spring :-)"]
[Site "SchemingMind.com"]
[Date "2010.04.02"]
[Round "-"]
[White "Baeron"]
[Black "Schaakmaatje"]
[Result "1/2-1/2"]
[WhiteCountry "SUI"]
[BlackCountry "NED"]
[WhiteElo "2015"]
[WhiteRD "93"]
[BlackElo "1724"]
[BlackRD "49"]
[GameID "244122"]

1. c4 Nf6 2. g3 c6 3. Bg2 d5 4. cxd5 cxd5 5. d4 e6 6. Nf3 h6 7. O-O Bd6 8. Bf4 Bxf4 9. gxf4 Nc6 10. Ne5 O-O
11. e3 Qb6 12. Qe2 Bd7 13. Nc3 Rac8 14. Rfc1 Qd8 15. b4 Nxb4 16. Rab1 Qa5 17. a3 Qxa3 18. Ra1 Qb3 19. Rab1 Qa3 20. Ra1=
1/2-1/2